La vida narrada: memoria, subjetividad y política
Guardat en:
| Autor principal: | |
|---|---|
| Format: | Llibre |
| Idioma: | espanyol |
| Publicat: |
Córdoba
Universitaria Villa María
2018
|
| Edició: | 1a. ed |
| Col·lecció: | Zona de Crítica
|
| Matèries: | |
| Etiquetes: |
Afegir etiqueta
Sense etiquetes, Sigues el primer a etiquetar aquest registre!
|
MARC
| LEADER | 00000cam a2200000 a 4500 | ||
|---|---|---|---|
| 001 | UCC5357 | ||
| 003 | CL-VaPUC | ||
| 008 | 181005e20180000ag |||||||||||||||||spa|d | ||
| 020 | |a 9789876994811 | ||
| 082 | 0 | 4 | |a 801.95 |b ARF |2 21 |
| 100 | 0 | |a Arfuch, Leonor |e author |9 599692 | |
| 245 | 1 | 3 | |a La vida narrada: memoria, subjetividad y política |
| 250 | |a 1a. ed | ||
| 300 | |a 198 p | ||
| 942 | |c BK | ||
| 945 | |d 20181005 11:02:00 |a dcastane | ||
| 260 | |a Córdoba |b Universitaria Villa María |c 2018 | ||
| 650 | 0 | |a Literatura |9 259151 | |
| 650 | 7 | |a ENSAYOS LITERARIOS |2 CL-VaPUC |9 346201 | |
| 650 | 0 | |a Crítica literaria |9 269189 | |
| 583 | |a last modification |c 20181005 11:02:00 |k Rodrigo Vera | ||
| 490 | 0 | |a Zona de Crítica | |
| 999 | |c 372610 |d 372608 | ||
| 952 | |0 0 |1 0 |3 erb |4 0 |6 801_950000000000000_ARF_2018 |7 0 |8 A |9 490300 |a BIBART |b BIBART |i 5504562 |o 801.95 ARF 2018 |p 5504562 |r 2025-03-13 |w 2019-11-24 |y BK |z Catalogado en:20181005 |k ART | ||